Ancient and Medieval India: (Record no. 181836)

MARC details
000 -LEADER
fixed length control field 00864nam a22002177a 4500
005 - DATE AND TIME OF LATEST TRANSACTION
control field 20240321114349.0
010 ## - LCCN (DPL NO)
LC control number B-746941-945 E.N.A./7.11.22 ENG-139864
020 ## - INTERNATIONAL STANDARD BOOK NUMBER
International Standard Book Number 9789390113644
Terms of availability 650.00
035 ## - SYSTEM CONTROL NUMBER
System control number B-746941-945
035 ## - SYSTEM CONTROL NUMBER
System control number EN-123396
037 ## - SOURCE OF ACQUISITION
Source of stock number/acquisition Pragati Publications
082 ## - DEWEY DECIMAL CLASSIFICATION NUMBER
Classification number 954
100 ## - MAIN ENTRY--PERSONAL NAME
Personal name Dahiya, Poonam Dalal
245 ## - TITLE STATEMENT
Title Ancient and Medieval India:
Remainder of title for UPSC and state civil services examinations /
Statement of responsibility, etc by Poonam Dalal Dahiya
250 ## - EDITION STATEMENT
Edition statement 2nd ed
260 ## - PUBLICATION, DISTRIBUTION, ETC. (IMPRINT)
Place of publication, distribution, etc Chennai
Name of publisher, distributor, etc Mc Graw Hill
Date of publication, distribution, etc 2021
270 ## - ADDRESS
Address 5/90A, Butt Road, St. Thomas Mount
City Chennai
Postal code 600116
300 ## - PHYSICAL DESCRIPTION
Extent vp.
Dimensions 24cm(pbk)
942 ## - ADDED ENTRY ELEMENTS (KOHA)
Source of classification or shelving scheme Dewey Decimal Classification
Item type English Books
Call number suffix DAH
Classification part 954
Holdings
Withdrawn status Lost status Not for loan Collection code Home library Current library Date acquired Source of acquisition Cost, normal purchase price Full call number Barcode Copy number Cost, replacement price Koha item type
      Non-fiction Bawana Bawana 21/03/2024 DBAD/PUB 650.00 DAH 954 EN-123396 1 650.00 English Books
      Non-fiction Central Library Central Library 03/05/2023 Pragati Pub./11/25.11.22/193/23.11.22/2.12.22 650.00 954 DAH B-746941 1 650.00 English Books
      Non-fiction Mobile Library Mobile Library 03/05/2023 Pragati Pub./11/25.11.22/193/23.11.22/2.12.22 650.00 954 DAH B-746942 1 650.00 English Books
      Non-fiction Patel Nagar Patel Nagar 03/05/2023 Pragati Pub./11/25.11.22/193/23.11.22/2.12.22 650.00 954 DAH B-746943 1 650.00 English Books
      Non-fiction Sarojini Nagar Sarojini Nagar 03/05/2023 Pragati Pub./11/25.11.22/193/23.11.22/2.12.22 650.00 954 DAH B-746944 1 650.00 English Books
  Lost and Paid For   Non-fiction Shahdara Branch Shahdara Branch 03/05/2023 Pragati Pub./11/25.11.22/193/23.11.22/2.12.22 650.00 954 DAH B-746945 1 650.00 English Books

© Delhi Public Library
Hit Counter
free hit counter